Cacicas : (Record no. 10792)
[ view plain ]
| 000 -CABECERA | |
|---|---|
| campo de control de longitud fija | 01205cam a2200253 i 4500 |
| 001 - NÚMERO DE CONTROL | |
| campo de control | BRCA_9173 |
| 003 - IDENTIFICADOR DEL NÚMERO DE CONTROL | |
| campo de control | FranzMayer |
| 005 - FECHA Y HORA DE LA ÚLTIMA TRANSACCIÓN | |
| campo de control | 20220809131701.0 |
| 008 - DATOS DE LONGITUD FIJA--INFORMACIÓN GENERAL | |
| campo de control de longitud fija | 220809b |||||||| |||| 00| 0 eng d |
| 020 ## - NÚMERO INTERNACIONAL ESTÁNDAR DEL LIBRO | |
| Número Internacional Estándar del Libro | 9780806168623 |
| Información calificativa | (pasta dura) |
| 040 ## - FUENTE DE LA CATALOGACIÓN | |
| Lengua de catalogación | spa |
| Centro/agencia transcriptor | MFM |
| 050 00 - SIGNATURA TOPOGRÁFICA DE LA BIBLIOTECA DEL CONGRESO | |
| Número de clasificación | F1407 |
| Número de documento/Ítem | .C225 2021 |
| 245 00 - MENCIÓN DE TÍTULO | |
| Título | Cacicas : |
| Resto del título | the indigenous women leaders of Spanish America, 1492-1825 / |
| Mención de responsabilidad, etc. | editado por Margarita R. Ochoa y Sara Vicuña Guengerich. |
| 264 #1 - PRODUCCIÓN, PUBLICACIÓN, DISTRIBUCIÓN, FABRICACIÓN Y COPYRIGHT | |
| Producción, publicación, distribución, fabricación y copyright | Norman : |
| Nombre del de productor, editor, distribuidor, fabricante | University of Oklahoma Press, |
| Fecha de producción, publicación, distribución, fabricación o copyright | [2021] |
| 300 ## - DESCRIPCIÓN FÍSICA | |
| Extensión | ix, 333 p. : |
| Otras características físicas | ilustraciones, mapas ; |
| Dimensiones | 24 cm |
| 500 ## - NOTA GENERAL | |
| Nota general | Ubicación: L59-N5 |
| 504 ## - NOTA DE BIBLIOGRAFÍA, ETC. | |
| Nota de bibliografía, etc. | Incluye referencias bibliográficas (páginas 291-321) e índice. |
| 520 ## - SUMARIO, ETC. | |
| Sumario, etc. | "Este volumen muestra a las cacicas coloniales como sujetos históricos que construyeron su conciencia en torno a su lugar, ya sea simbólico o geográfico, y articularon sus propias identidades únicas". |
| Fuente proveedora | Proporcionado por el editor. |
| 650 #0 - PUNTO DE ACCESO ADICIONAL DE MATERIA--TÉRMINO DE MATERIA | |
| Término de materia o nombre geográfico como elemento de entrada | Minoría de Mujeres |
| Subdivisión geográfica | América Latina |
| Subdivisión de forma | Biografía |
| 9 (RLIN) | 28362 |
| 651 #0 - PUNTO DE ACCESO ADICIONAL DE MATERIA--NOMBRE GEOGRÁFICO | |
| Nombre geográfico | América Latina |
| Subdivisión general | Historia |
| Subdivisión cronológica | Hasta 1830 |
| Subdivisión de forma | Biografía |
| 9 (RLIN) | 28363 |
| 700 1# - PUNTO DE ACCESO ADICIONAL--NOMBRE DE PERSONA | |
| Nombre de persona | Ochoa, Margarita R., |
| Término indicativo de función/relación | editor. |
| 9 (RLIN) | 28364 |
| 700 1# - PUNTO DE ACCESO ADICIONAL--NOMBRE DE PERSONA | |
| Nombre de persona | Guengerich, Sara V., |
| Fechas asociadas al nombre | 1975- |
| Término indicativo de función/relación | editor. |
| 9 (RLIN) | 28365 |
| 942 ## - ELEMENTOS DE PUNTO DE ACCESO ADICIONAL (KOHA) | |
| Fuente del sistema de clasificación o colocación | Library of Congress Classification |
| Tipo de ítem Koha | Libros |
| Estado de retiro | Estado de pérdida | Fuente del sistema de clasificación o colocación | Estado dañado | No para préstamo | Localización permanente | Ubicación/localización actual | Fecha de adquisición | Total de préstamos | Signatura topográfica completa | Código de barras | Fecha visto por última vez | Número de copia | Precio válido a partir de | Tipo de ítem Koha |
|---|---|---|---|---|---|---|---|---|---|---|---|---|---|---|
| El ejemplar forma parte de la colección y puede ser consultado según las políticas vigentes. | Library of Congress Classification | Biblioteca del Museo Franz Mayer (Rogerio Casas-Alatriste) | Biblioteca del Museo Franz Mayer (Rogerio Casas-Alatriste) | 27/06/2022 | F1407 .C225 2021 | CONT9945 | 27/06/2022 | 1 | 27/06/2022 | Libros |